Most Receiving Yards in a Season For Every NFL Team - Statistics

General Stats
  • This quiz has been taken 30 times
  • The average score is 23 of 32
Answer Stats
Team Yards Player % Correct
PHI 1,496 A.J. Brown
100%
PIT 1,834 Antonio Brown
100%
LAR 1,947 Cooper Kupp
100%
SFF 1,848 Jerry Rice
93%
MIN 1,809 Justin Jefferson
93%
MIA 1,799 Tyreek Hill
93%
KAN 1,479 Tyreek Hill
93%
DET 1,964 Calvin Johnson
89%
DEN 1,619 Demaryius Thomas
89%
ATL 1,871 Julio Jones
89%
NOS 1,725 Michael Thomas
89%
HOU 1,598 Andre Johnson
85%
DAL 1,749 Ceedee Lamb
85%
WAS 1,483 Santana Moss
85%
GBP 1,553 Davante Adams
81%
LVR 1,516 Davante Adams
81%
BUF 1,535 Stefon Diggs
78%
IND 1,722 Marvin Harrison
74%
TBB 1,524 Mike Evans
74%
CAR 1,563 Steve Smith Sr.
74%
CIN 1,455 Ja'Marr Chase
70%
JAX 1,636 Jimmy Smith
70%
SEA 1,303 DK Metcalf
63%
NEP 1,569 Wes Welker
56%
NYG 1,536 Victor Cruz
48%
CHI 1,508 Brandon Marshall
44%
NYJ 1,502 Brandon Marshall
44%
CLE 1,646 Josh Gordon
37%
BAL 1,361 Mark Andrews
37%
LAC 1,602 Lance Alworth
22%
ARI 1,598 David Boston
19%
TEN 1,746 Charlie Hennigan
7%
No matching quizzes found
Score Distribution
Percent of People with Each Score
Percentile by Number Answered
Your Score History
You have not taken this quiz